A quel sport correspondent ces athlètes français ? - Statistiques

Statistiques générales
  • Ce quiz a été pris 152 fois
  • Le résultat moyen est 11 sur 18
Statistiques - réponses
Hint Réponse % Correct
Félix LEBRUN Tennis de table
98%
Léon MARCHAND Natation
96%
Antoine DUPONT Rugby
95%
Gaël MONFILS Tennis
95%
Victor WEMBANYAMA Basketball
94%
Mike MAIGNAN Football
85%
Cédric DOUMBE MMA
74%
Joan-Benjamin GABA Judo
59%
Elohim PRANDI Handball
54%
Jimmy GRESSSIER 5000/10000 m
50%
Antoine BRIZARD Volleyball
47%
Titouan CASTRYCK Kayak
43%
Thibaut COLLET Saut à la perche
41%
Alex LANIER Badminton
34%
Figaro FONROY Équitation
31%
Lucien GAUDIN Escrime
28%
Gilles BIRON 400 m
24%
David PAPOT Boxe
16%
Aucun quiz correspondant
Distribution des résultats
% des personnes avec chaque résultat
Percentile par nombre de réponses
Votre historique - résultats
Vous n’avez pas pris ce quiz